000 02056nam a2200421 c 4500
003 BLK
005 20250206160036.0
008 180408b bul|||||r ||||||| ||bul||
010 _aKNG00089493000
020 _a954-626-196-3
_bиздат.: Аратрон
040 _aBLK
041 _aBUL
_cBUL
080 _aРазпространяване на научните знания - популяризиране на науката, занимателна наука, учение за явленията научно необяснени, заблуждения и фалшификации, илюзии и др. п., секретност на научните знания
_b001.9
_x(035)
_z001.9(035)
080 _aЖилища. Вътрешно устройство и обзавеждане
_b643/645
_x(035)
_z643/645(035)
100 1 _aРосбах, Сара
_eпърви автор
_9116969
700 1 _aСпасова, Маргарита Емилова
_9122607
700 1 _aЛин Юн
_eпредисл. и калиграфия
_9301611
139 _aРосбах, Сара
_bР 85
245 1 0 _aФън шуй
_bВътрешен дизайн
_cСара Росбах; прев. от англ. Маргарита Спасова; предисл. и калиграфия Лин Юн.
257 _aUSA
260 София
_bАратрон
_c2004
300 _a288 с.
_bс ил.
_c22 см
380 _a0
490 1 _aСерия Фън шуй
500 _aОриг. загл. Interior Design With Feng Shui / Sarah Rossbach. - За авторката ; Речник.
650 4 _aФън шуй
_9176310
650 4 _aАрхитектура, вътрешна
_9268072
653 _aинтериор
653 _aобзавеждане
653 _aфън шуй
653 _aвътрешна архитектура
852 _aЦб 244006
856 4 _qpdf
_u
856 4 _qpdf
_u
942 _cKNG
_n0
_05
944 _aCR
_c14.05.2009
_lЦветомила Тодорова
_k30576
944 _aED
_c17.12.2012
_lф /
_k
999 _c84900
_d84900